000 00687nam a22001937a 4500
005 20251108164105.0
008 250721s1993 xx 000 0 ara d
082 1 4 _a347.99565/محم
100 1 _aسوار، محمد وحيد الدين
245 1 0 _aدليل التمارين العملية في المدخل للعلوم القانونية مع إجابات نموذجيه لأسئلة /
250 _aط4،. مزيده و منقحه
264 1 _aعمان :
_bمكتبد دار الثقافه،
_c1993.
300 _a272ص
650 1 7 _aالقانون المدني
650 1 7 _aالأسئلة و الأجوبة
650 1 7 _aالأردن
942 _2ddc
_cBK
999 _c3370
_d3370